| 000 | 00910nam a22002417a 4500 | ||
|---|---|---|---|
| 999 |
_c5120 _d5120 |
||
| 003 | AR-CdUCM | ||
| 008 | 190312b ||||| |||| 00| 0 spa d | ||
| 040 |
_aMUNICIPALIDAD PROVINCIAL DEL CUSCO _cBIBLIOTECA MUNICIPAL DEL CUSCO |
||
| 082 |
_a329.1 / _bB74 |
||
| 100 |
_aBorea Odría, Alberto _915566 |
||
| 245 | _aQué ha hecho el APRA por el Perú / | ||
| 260 |
_aLima : _bAtlantida, _c1980. |
||
| 300 |
_a354 paginas ; _c21 cm. |
||
| 505 | _aPeriodo 1931 - 1933 -- Las tareas del parlamento -- El momento histórico político -- Periodo 1945 - 1948 -- Política y estructura del estado -- Trabajo y seguridad social ... | ||
| 650 |
_aPartido Aprista Peruano _93316 |
||
| 650 |
_aHistoria _9136 |
||
| 650 |
_aSiglo XX. _98 |
||
| 700 |
_aBueno León, Eduardo _915567 |
||
| 700 |
_aAlvarado Guillen, Patricia _915568 |
||
| 700 |
_aIparraguirre Leandro, Martha _915569 |
||
| 942 |
_2ddc _cLIBROS |
||
| 945 | _aacv | ||